Serenady pro střední hlas s průvodem klavíru /

Hlavní autor: Hoffmeister, Karel, 1868-1952
Jazyk: Čeština
Vydáno: Praha : Urbánek, [1918?]
Edice: Edition M. U
Fyzický popis: 11 s.
Hudebniny Hudebniny
Uloženo v:
LEADER 00737ncm a22002292a 4500
001 001213067
003 CZ BrMZK
005 20120516114854.0
007 qu
008 120516s1918 xr |||||||||||||||||cze d
040 |a BOA001  |b cze 
072 7 |a 784  |x Vokální hudba  |2 Konspekt  |9 9 
100 1 |a Hoffmeister, Karel,  |d 1868-1952  |7 jk01041532  |4 cmp 
245 1 0 |a Serenady  |h [hudebnina] :  |b pro střední hlas s průvodem klavíru /  |c Karel Hoffmeister 
260 |a Praha :  |b Urbánek,  |c [1918?] 
300 |a 11 s. 
490 1 |a Edition M. U. ;  |v No. 462 
830 0 |a Edition M. U 
910 |a BOA001  |b Mus4-0680.665 
990 |a MU 
991 |b 201205 
996 6 |b 2619088210  |c Mus4-0680.665  |l MZK  |r Sklad / do 1 hodiny  |n 0  |w 001246868  |u 000010  |a 1  |e BOA001  |j MZK50  |s P